000 00584nam a2200169Ia 4500
008 180921t2020 xxu||||| |||| 00| 0 sin d
041 _asin
080 _a8-31
_bලින්ග්‍ර
100 _aලින්ග්‍රන්, ඇස්ට්‍රිඩ්
245 _aඑමිල් තවමත් ලොන්නෙබැරියේ
260 _bගොඩගේ
_aකොළඹ
_c2020
300 _aසෙ.ම.21, පි.174
700 _aවිජිත ගුණරත්න
_eපරි.
942 _cBK
999 _c10807
_d10807
003 LK-CoDNM
040 _aLK-CoDNM
_dLK-CoDNM
_eLK-CoDNM